UM Logo

Parallel sphere decoding algorithm for long-prediction-horizon FSC-MPC / (Record no. 19555)

MARC details
000 -LEADER
fixed length control field 01158nam a22002537a 4500
003 - CONTROL NUMBER IDENTIFIER
control field OSt
005 - DATE AND TIME OF LATEST TRANSACTION
control field 20250827105413.0
008 - FIXED-LENGTH DATA ELEMENTS--GENERAL INFORMATION
fixed length control field 240308b ||||| |||| 00| 0 eng d
040 ## - CATALOGING SOURCE
Transcribing agency 0
082 ## - DEWEY DECIMAL CLASSIFICATION NUMBER
Classification number DPer 621.317 Ie21 July 2022 v. 37 n. 7
100 ## - MAIN ENTRY--PERSONAL NAME
Personal name Zafra, Eduardo.
Relator term author.
9 (RLIN) 54137
245 ## - TITLE STATEMENT
Title Parallel sphere decoding algorithm for long-prediction-horizon FSC-MPC /
Statement of responsibility, etc. Eduardo Zafra, Sergio Vazquez, Carlos Regalo, Vincente Baena Lecuyer, Abraham Marquez Alcaide, Jose I. Leon, and Leopoldo G. Franquelo.
260 ## - PUBLICATION, DISTRIBUTION, ETC. (IMPRINT)
Place of publication, distribution, etc. New York ;
Name of publisher, distributor, etc. The Institute of Electrical and Electronics Engineers, Inc. ,
Date of publication, distribution, etc. July 2022.
300 ## - PHYSICAL DESCRIPTION
Extent volume 37, pages 7896-7906 :
Other physical details illustration ;
Dimensions 28 cm.
500 ## - GENERAL NOTE
General note IEEE Transactions on Power Electronics, vol. 37, no. 7, pages 7896-7906, July 2022.
700 ## - ADDED ENTRY--PERSONAL NAME
Personal name Zafra, Eduardo.
Relator term author.
9 (RLIN) 54137
700 ## - ADDED ENTRY--PERSONAL NAME
Personal name Vazquez, Sergio.
Relator term author.
9 (RLIN) 54138
700 ## - ADDED ENTRY--PERSONAL NAME
Personal name Regalo, Carlos.
Relator term author.
9 (RLIN) 54139
700 ## - ADDED ENTRY--PERSONAL NAME
Personal name Lecuyer, Vincente Baena.
Relator term author.
9 (RLIN) 54140
700 ## - ADDED ENTRY--PERSONAL NAME
Personal name Alcaide, Abraham Marquez.
Relator term author.
9 (RLIN) 54141
700 ## - ADDED ENTRY--PERSONAL NAME
Personal name Leon, Jose I.
Relator term author.
9 (RLIN) 54142
700 ## - ADDED ENTRY--PERSONAL NAME
Personal name Franquelo, Leopoldo G.
Relator term author.
9 (RLIN) 54143
942 ## - ADDED ENTRY ELEMENTS (KOHA)
Source of classification or shelving scheme Dewey Decimal Classification
Koha item type Periodicals
Holdings
Withdrawn status Lost status Source of classification or shelving scheme Damaged status Not for loan Collection code Home library Current library Date acquired Total Checkouts Full call number Date last seen Price effective from Koha item type Public note
    Dewey Decimal Classification     Periodicals UM Digos College - LIC UM Digos College - LIC 03/08/2024   DPer 621.317 Ie21 July 2022 v. 37 n. 7 03/08/2024 03/08/2024 Periodicals Periodical Article